Lista de participantes

Guardat en:
Dades bibliogràfiques
Autor corporatiu: CELADE
Format: Text
Publicat: San José :
Matèries:
Etiquetes: Afegir etiqueta
Sense etiquetes, Sigues el primer a etiquetar aquest registre!

MARC

LEADER 00000 a a2200000 04500
001 15490
003
040
090 |a EXTRAVIADO  
110 |a CELADE  
245 |a Lista de participantes  
260 |a San José :  
300 |a 6 p.  
650 |a DIRECTORIOS  
999 |c 15385  |d 15385